|
|
|
|
| LEADER |
00000cam a2200000 i 4500 |
| 001 |
1/81846 |
| 008 |
970304s1992 gr | ||| |||| ||gre|| |
| 035 |
|
|
|a 1993
|b 2
|c Δωρεά
|l 10033793
|
| 040 |
|
|
|a GR-MyUa
|b gre
|e AACR2
|
| 041 |
0 |
|
|a gre
|
| 082 |
7 |
|
|a 938.539
|2 (22)
|
| 100 |
1 |
|
|a Κανίνιας, Σπύρος Α.
|
| 245 |
1 |
0 |
|a Μεσολόγγι :
|b δυο κεφάλαια της ιστορίας του /
|c Σπύρου Αθ. Κανίνια.
|
| 260 |
|
|
|a [Μεσολόγγι] :
|b [χ.ό.],
|c 1992.
|
| 300 |
|
|
|a 75 σ. ;
|c 21 εκ.
|
| 505 |
8 |
|
|a Η παιδεία κατά την τουρκοκρατία και την επανάσταση -- Η δικαιοσύνη, 1821-1826.
|
| 650 |
|
0 |
|a Education
|z Greece
|z Mesolongion
|x History
|y 19th century.
|
| 651 |
|
0 |
|a Mesolongion (Greece)
|x History.
|
| 852 |
|
|
|a INST
|b RHODES
|e 19970304
|h 938.539 ΚΑΝ
|p 005400000360
|q 005400000360
|t BK
|y 0
|
| 970 |
|
|
|z 2000/06
|